Don Quijote a Sancho Panza (Record no. 8120)

MARC details
000 -CABECERA
campo de control de longitud fija 00819nam a2200229 a 4500
001 - NÚMERO DE CONTROL
campo de control BRCA_8453
005 - FECHA Y HORA DE LA ÚLTIMA TRANSACCIÓN
campo de control 20190320210304.0
008 - DATOS DE LONGITUD FIJA--INFORMACIÓN GENERAL
campo de control de longitud fija 021215s1974----xo-#######---#000-0#slo-#
041 ## - CÓDIGO DE LENGUA
Código de lengua del texto/banda sonora o título independiente slo
044 ## - CÓDIGO DEL PAÍS DE LA ENTIDAD EDITORA/PRODUCTORA
Código MARC del país xo
050 #4 - SIGNATURA TOPOGRÁFICA DE LA BIBLIOTECA DEL CONGRESO
Número de clasificación PQ6323
Número de documento/Ítem .C47 1974
100 1# - ENTRADA PRINCIPAL--NOMBRE DE PERSONA
Nombre de persona Cervantes Saavedra, Miguel de
Fechas asociadas al nombre 1547-1616
9 (RLIN) 213
245 10 - MENCIÓN DE TÍTULO
Título Don Quijote a Sancho Panza
Mención de responsabilidad, etc. Miguel de Cervantes Saavedra.
260 ## - PUBLICACIÓN, DISTRIBUCIÓN, ETC.
Lugar de publicación, distribución, etc. Bratislava, Eslovaquia
Nombre del editor, distribuidor, etc. Èítanie Študujúcej Mládeže
Fecha de publicación, distribución, etc. 1974
300 ## - DESCRIPCIÓN FÍSICA
Extensión 446 p.
Dimensiones 18 cm.
500 ## - NOTA GENERAL
Nota general Libro donado por la Embajada de Eslovaquia, 23-XII-1993
501 ## - NOTA DE "CON"
Nota de “Con” Con: 1. Capítulos seleccionados de Don Quijote. 2. Tres vistas previas de las novelas ejemplares
546 ## - NOTA DE LENGUA/LENGUAJE
Nota de lengua/lenguaje Texto en : eslovaco
600 14 - PUNTO DE ACCESO ADICIONAL DE MATERIA--NOMBRE DE PERSONA
Nombre de persona Cervantes Saavedra, Miguel de
Fechas asociadas al nombre 1547-1616
Título de la obra Don Quijote
9 (RLIN) 21173
902 ## - CATALOGADOR
Iniciales CERV
942 ## - ELEMENTOS DE PUNTO DE ACCESO ADICIONAL (KOHA)
Fuente del sistema de clasificación o colocación Library of Congress Classification
Tipo de ítem Koha Libros
Holdings
Estado de retiro Estado de pérdida Estado dañado No para préstamo Localización permanente Ubicación/localización actual Fecha de adquisición Total de préstamos Signatura topográfica completa Código de barras Fecha visto por última vez Precio válido a partir de Tipo de ítem Koha
El ejemplar forma parte de la colección y puede ser consultado según las políticas vigentes.       Biblioteca del Museo Franz Mayer (Rogerio Casas-Alatriste) Biblioteca del Museo Franz Mayer (Rogerio Casas-Alatriste) 01/12/2015   PQ6323 .C47 1974 CERV00086 22/03/2019 22/03/2019 Libros